000 01377nam a22004577a 4500
001 BR2025004663
003 BR-BrBNA
005 20251108231240.0
008 251108b bl.||||| |||| 00| 0 por d
020 _a978-85-7226-026-8
040 _aBR-BrBNA
_bpor
041 _apor
072 _aD10 ; P10 ; F06 ; M01 ; P01
090 _aD10 BR2025004663
100 0 _aCarvalho, José Maria Marques de (org.)
100 0 _aBorges, Cássio (org.)
100 0 _aGuerra, Ângelo José de Negreiros (org.)
100 0 _aOliveira, José Nicácio (org.)
100 0 _aSaboya Neto, Flávio Viriato de (org.)
100 0 _aSegundo, Antônio Eduardo Gonçalves (org.)
245 _aDNOCS: desenvolvimento e gestão dos recursos hídricos no semiárido nordestino
_bSérie conviver 16
260 _aFortaleza, CE (Brasil)
_c2019
300 _a57 p.
_bil. color.
_c21 cm
500 _a11 ref.; 26 illus.; 9 tables
650 _aADMINISTRAÇÃO PÚBLICA
650 _aNORDESTE
650 _aRECURSO HÍDRICO
650 _aGESTÃO
650 _aMANEJO DE ÁGUA
650 _aAÇUDE
650 _aRIO
650 _aCISTERNA
650 _aDESSALINIZAÇÃO
650 _aPOÇO
650 _aIRRIGAÇÃO
650 _aAQUACULTURA
650 _aPISCICULTURA
650 _aDESENVOLVIMENTO SUSTENTÁVEL
909 _a202511
_bFernando
942 _cBK
999 _c338989
_d338989